000 01815cam a2200145 4500500
005 20260405085556.0
041 _afre
042 _adc
100 1 0 _aGrossman, Emiliano
_eauthor
700 1 0 _aSaurugger, Sabine
_eauthor
245 0 0 _aLes groupes d'intérêt : Action collective et stratégies de représentation
260 _bArmand Colin,
_c2012.
520 _aRaviver le débat académique sur les groupes d’intérêt est fondamental au moment où ces derniers jouent un rôle croissant à la fois au niveau communautaire, national et international. Vivre dans une société de groupes et de mouvements entraîne des conséquences importantes pour l’exercice du pouvoir dans l’État. Producteurs de normes, les groupes d’intérêts doivent être analysés dans leur fonctionnement et leurs activités tant du point de vue fonctionnel et empirique que normatif. Cette nouvelle édition propose plusieurs axes pour appréhender le phénomène des groupes d’intérêt. Les auteurs s’intéressent aux formes organisationnelles, aux ressources et aux répertoires d’action de ces groupes. L’ouvrage fait le point sur les différentes formes relationnelles qui existent entre les groupes d’intérêt et les États, en montrant les ouvertures et les limites de trois idéaux-types : pluralisme, corporatisme et réseaux de politique publique. L’influence du niveau international sur les groupes d’intérêt fait l’objet d’une attention particulière. Dans un contexte de globalisation des échanges et des politiques, nombreux sont les groupes d’intérêt qui cherchent à influencer des processus au niveau mondial, et plus spécifiquement encore au niveau européen.
856 4 1 _uhttps://shs.cairn.info/les-groupes-d-interet--9782200259983?lang=fr&redirect-ssocas=7080
999 _c2198655
_d2198655